000
00225nam a22001217a 4500
020
_a
9780913462012
041
_a
eng
080
_a
57
090
_b
RIC
100
_a
Ricklefs, Robert E.
245
_a
Ecology
999
_c
280289
_d
280289
942
_c
BK